| 000 | 00677nam a2200241Ia 4500 | ||
|---|---|---|---|
| 003 | OSt | ||
| 005 | 20230522101923.0 | ||
| 008 | 210423s2012 xx 000 0 und d | ||
| 020 | _a978-81-203-4222-4 | ||
| 040 | _cAL | ||
| 041 | _aeng | ||
| 082 |
_a515.353 RAOI _223 |
||
| 100 |
_aRAO (K Sankara). _9109381 |
||
| 245 | _aIntroduction to partial differential equations Ed 3 | ||
| 250 | _a3 | ||
| 260 |
_aNew Delhi _bPHI Learning Pvt Ltd _c2012 |
||
| 300 |
_axii,488 _bPB |
||
| 365 |
_b295 _cINR |
||
| 650 |
_aDifferential Equations _9109382 |
||
| 650 |
_aMathematics _9109383 |
||
| 906 | _a3 ; differential ; Ed ; equations ; Introduction ; partial | ||
| 942 |
_2ddc _cBK |
||
| 999 |
_c165210 _d165210 |
||